<?xml version="1.0" encoding="UTF-8"?>
<collection xmlns="http://www.loc.gov/MARC21/slim">
 <record>
  <leader>00668pamaa2200181   4500</leader>
  <controlfield tag="001">0000042028</controlfield>
  <controlfield tag="005">20070531090000.0</controlfield>
  <controlfield tag="008">070531                             eng  </controlfield>
  <datafield tag="020" ind1="0" ind2="0">
   <subfield code="a">9833782019 (pbk.) </subfield>
  </datafield>
  <datafield tag="090" ind1="0" ind2="0">
   <subfield code="a">LC94.M4 </subfield>
   <subfield code="b">ALI 2006</subfield>
  </datafield>
  <datafield tag="100" ind1="1" ind2="1">
   <subfield code="a">ALIS PUTEH </subfield>
  </datafield>
  <datafield tag="245" ind1="1" ind2="0">
   <subfield code="a">Language and nation building : </subfield>
   <subfield code="b">a study of the language medium policy in Malaysia  </subfield>
   <subfield code="c">Alis Pu.</subfield>
  </datafield>
  <datafield tag="260" ind1="0" ind2="0">
   <subfield code="a">Petaling Jaya, Malaysia: </subfield>
   <subfield code="b">SIRD, </subfield>
   <subfield code="c">2006.</subfield>
  </datafield>
  <datafield tag="300" ind1=" " ind2=" ">
   <subfield code="a">ix, 239 p.: </subfield>
   <subfield code="b">ill.; </subfield>
   <subfield code="c">23 cm.</subfield>
  </datafield>
  <datafield tag="504" ind1="0" ind2="0">
   <subfield code="a">Includes bibliographical references (p.[215]-239</subfield>
  </datafield>
  <datafield tag="650" ind1="0" ind2="0">
   <subfield code="a">Education and state -- </subfield>
   <subfield code="z">Malaysia. </subfield>
  </datafield>
  <datafield tag="650" ind1="0" ind2="0">
   <subfield code="a">Instructional systems -- </subfield>
   <subfield code="z">Malaysia. </subfield>
  </datafield>
  <datafield tag="650" ind1="0" ind2="0">
   <subfield code="a">Language and education -- </subfield>
   <subfield code="z">Malaysia. </subfield>
  </datafield>
 </record>
</collection>
